<?xml version="1.0" encoding="UTF-8"?>
<record
    xmlns:xsi="http://www.w3.org/2001/XMLSchema-instance"
    xsi:schemaLocation="http://www.loc.gov/MARC21/slim http://www.loc.gov/standards/marcxml/schema/MARC21slim.xsd"
    xmlns="http://www.loc.gov/MARC21/slim">

  <leader>02065nam a22002535a 4500</leader>
  <datafield tag="999" ind1=" " ind2=" ">
    <subfield code="c">27377</subfield>
    <subfield code="d">27348</subfield>
  </datafield>
  <controlfield tag="003">EG-ScBUE</controlfield>
  <controlfield tag="005">20190411151941.0</controlfield>
  <controlfield tag="008">190411s2016    ua     grbd   000 u ara d</controlfield>
  <datafield tag="017" ind1=" " ind2=" ">
    <subfield code="a">2016 / 19062</subfield>
  </datafield>
  <datafield tag="020" ind1=" " ind2=" ">
    <subfield code="a">9789777400947</subfield>
  </datafield>
  <datafield tag="040" ind1=" " ind2=" ">
    <subfield code="a">EG-ScBUE</subfield>
    <subfield code="b">ara</subfield>
    <subfield code="c">EG-ScBUE</subfield>
    <subfield code="d">EG-ScBUE</subfield>
  </datafield>
  <datafield tag="082" ind1="0" ind2="4">
    <subfield code="a">398.992703</subfield>
    <subfield code="b">&#x62A; &#x64A; &#x645;</subfield>
    <subfield code="2">22</subfield>
  </datafield>
  <datafield tag="100" ind1="1" ind2=" ">
    <subfield code="a">&#x62A;&#x64A;&#x645;&#x648;&#x631;&#x60C; &#x623;&#x62D;&#x645;&#x62F;&#x60C;</subfield>
    <subfield code="d">1871-1930.</subfield>
  </datafield>
  <datafield tag="245" ind1="1" ind2="2">
    <subfield code="a">&#x627;&#x644;&#x623;&#x645;&#x62B;&#x627;&#x644; &#x627;&#x644;&#x639;&#x627;&#x645;&#x64A;&#x629; /</subfield>
    <subfield code="c">&#x62A;&#x623;&#x644;&#x64A;&#x641; &#x623;&#x62D;&#x645;&#x62F; &#x62A;&#x64A;&#x645;&#x648;&#x631;.</subfield>
  </datafield>
  <datafield tag="260" ind1=" " ind2=" ">
    <subfield code="a">&#x627;&#x644;&#x642;&#x627;&#x647;&#x631;&#x629; :</subfield>
    <subfield code="b">&#x62F;&#x627;&#x631; &#x627;&#x644;&#x62D;&#x64A;&#x627;&#x629; &#x644;&#x644;&#x646;&#x634;&#x631; &#x648;&#x627;&#x644;&#x62A;&#x648;&#x632;&#x64A;&#x639;&#x60C;</subfield>
    <subfield code="c">2016.</subfield>
  </datafield>
  <datafield tag="300" ind1=" " ind2=" ">
    <subfield code="a">487 &#x635;. &#x61B;</subfield>
    <subfield code="c">24 &#x633;&#x645;.</subfield>
  </datafield>
  <datafield tag="504" ind1=" " ind2=" ">
    <subfield code="a">&#x64A;&#x634;&#x62A;&#x645;&#x644; &#x639;&#x644;&#x649; &#x625;&#x631;&#x62C;&#x627;&#x639;&#x627;&#x62A; &#x628;&#x628;&#x644;&#x64A;&#x648;&#x62C;&#x631;&#x627;&#x641;&#x64A;&#x629;.</subfield>
  </datafield>
  <datafield tag="520" ind1=" " ind2=" ">
    <subfield code="a">&#x627;&#x644;&#x643;&#x62A;&#x627;&#x628; &#x64A;&#x62D;&#x648;&#x64A; &#x637;&#x627;&#x626;&#x641;&#x629;&#x64B; &#x645;&#x646; &#x627;&#x644;&#x623;&#x645;&#x62B;&#x627;&#x644; &#x627;&#x644;&#x634;&#x639;&#x628;&#x64A;&#x629; &#x627;&#x644;&#x639;&#x627;&#x645;&#x64A;&#x629; &#x627;&#x644;&#x62A;&#x64A; &#x62A;&#x62C;&#x633;&#x62F; &#x625;&#x631;&#x62B;&#x627; &#x645;&#x647;&#x645;&#x64B;&#x651;&#x627; &#x641;&#x64A; &#x645;&#x64A;&#x62F;&#x627;&#x646; &#x627;&#x644;&#x623;&#x62F;&#x628; &#x627;&#x644;&#x634;&#x639;&#x628;&#x64A;&#x60C; &#x648;&#x642;&#x62F; &#x62C;&#x645;&#x639; &#x623;&#x62D;&#x645;&#x62F; &#x62A;&#x64A;&#x645;&#x648;&#x631; &#x647;&#x630;&#x647; &#x627;&#x644;&#x623;&#x645;&#x62B;&#x627;&#x644; &#x648;&#x64E;&#x631;&#x64E;&#x62A;&#x64E;&#x651;&#x628;&#x64E;&#x647;&#x627; &#x648;&#x641;&#x642;&#x64B;&#x627; &#x644;&#x644;&#x623;&#x628;&#x62C;&#x62F;&#x64A;&#x629; &#x627;&#x644;&#x639;&#x631;&#x628;&#x64A;&#x629;&#x60C; &#x648;&#x643;&#x62A;&#x627;&#x628;&#x647; &#x647;&#x630;&#x627; &#x623;&#x634;&#x628;&#x647; &#x628;&#x642;&#x627;&#x645;&#x648;&#x633; &#x64A;&#x64F;&#x639;&#x64A;&#x646;&#x64F; &#x639;&#x644;&#x649; &#x641;&#x647;&#x645; &#x645;&#x641;&#x631;&#x62F;&#x627;&#x62A; &#x627;&#x644;&#x62D;&#x64A;&#x627;&#x629; &#x627;&#x644;&#x627;&#x62C;&#x62A;&#x645;&#x627;&#x639;&#x64A;&#x629; &#x639;&#x646;&#x62F; &#x627;&#x644;&#x628;&#x633;&#x637;&#x627;&#x621; &#x627;&#x644;&#x630;&#x64A;&#x646; &#x643;&#x627;&#x646;&#x648;&#x627; &#x633;&#x628;&#x628;&#x64B;&#x627; &#x641;&#x64A; &#x646;&#x634;&#x623;&#x629; &#x647;&#x630;&#x627; &#x627;&#x644;&#x646;&#x648;&#x639; &#x645;&#x646; &#x627;&#x644;&#x623;&#x645;&#x62B;&#x627;&#x644;&#x60C; &#x648;&#x64A;&#x64F;&#x62D;&#x652;&#x645;&#x64E;&#x62F;&#x64F; &#x644;&#x644;&#x643;&#x627;&#x62A;&#x628; &#x641;&#x64A; &#x647;&#x630;&#x627; &#x627;&#x644;&#x645;&#x64F;&#x624;&#x64E;&#x644;&#x64E;&#x651;&#x641; &#x630;&#x650;&#x643;&#x652;&#x631;&#x64F;&#x647; &#x644;&#x644;&#x645;&#x646;&#x627;&#x633;&#x628;&#x629; &#x627;&#x644;&#x62A;&#x64A; &#x643;&#x627;&#x646;&#x62A; &#x623;&#x634;&#x628;&#x647; &#x628;&#x644;&#x62D;&#x638;&#x629; &#x627;&#x644;&#x62A;&#x646;&#x648;&#x64A;&#x631; &#x641;&#x64A; &#x62E;&#x64E;&#x644;&#x652;&#x642;&#x650; &#x627;&#x644;&#x645;&#x62B;&#x644;&#x61B; &#x648;&#x630;&#x644;&#x643; &#x646;&#x638;&#x631;&#x64B;&#x627; &#x644;&#x623;&#x647;&#x645;&#x64A;&#x62A;&#x647;&#x627; &#x641;&#x64A; &#x627;&#x644;&#x643;&#x634;&#x641; &#x639;&#x646; &#x627;&#x644;&#x628;&#x648;&#x627;&#x639;&#x62B; &#x627;&#x644;&#x627;&#x62C;&#x62A;&#x645;&#x627;&#x639;&#x64A;&#x629; &#x627;&#x644;&#x62A;&#x64A; &#x627;&#x646;&#x62A;&#x642;&#x644;&#x62A; &#x628;&#x627;&#x644;&#x645;&#x62B;&#x644; &#x645;&#x646; &#x62E;&#x635;&#x648;&#x635;&#x64A;&#x629; &#x627;&#x644;&#x62D;&#x627;&#x644; &#x639;&#x646;&#x62F; &#x635;&#x627;&#x62D;&#x628;&#x647; &#x625;&#x644;&#x649; &#x639;&#x645;&#x648;&#x645;&#x64A;&#x629; &#x627;&#x644;&#x62A;&#x62F;&#x627;&#x648;&#x644; &#x628;&#x64A;&#x646; &#x643;&#x627;&#x641;&#x629; &#x623;&#x637;&#x64A;&#x627;&#x641; &#x627;&#x644;&#x645;&#x62C;&#x62A;&#x645;&#x639; &#x639;&#x644;&#x649; &#x627;&#x62E;&#x62A;&#x644;&#x627;&#x641; &#x637;&#x628;&#x642;&#x627;&#x62A;&#x647;&#x645; &#x648;&#x623;&#x639;&#x631;&#x627;&#x642;&#x647;&#x645;&#x60C; &#x648;&#x625;&#x646;&#x647; &#x644;&#x645;&#x646; &#x627;&#x644;&#x625;&#x646;&#x635;&#x627;&#x641; &#x644;&#x647;&#x630;&#x627; &#x627;&#x644;&#x643;&#x62A;&#x627;&#x628; &#x623;&#x646; &#x646;&#x64E;&#x635;&#x650;&#x641;&#x64E;&#x647; &#x628;&#x623;&#x646;&#x647; &#x633;&#x62C;&#x644; &#x627;&#x644;&#x645;&#x62B;&#x644; &#x627;&#x644;&#x633;&#x627;&#x626;&#x631; &#x639;&#x64E;&#x628;&#x652;&#x631;&#x64E; &#x627;&#x644;&#x632;&#x645;&#x627;&#x646; &#x627;&#x644;&#x645;&#x64F;&#x646;&#x652;&#x635;&#x64E;&#x631;&#x650;&#x645;&#x650; &#x627;&#x644;&#x639;&#x627;&#x628;&#x631;.</subfield>
  </datafield>
  <datafield tag="650" ind1=" " ind2="7">
    <subfield code="a">&#x627;&#x644;&#x623;&#x645;&#x62B;&#x627;&#x644; &#x627;&#x644;&#x639;&#x631;&#x628;&#x64A;&#x629;</subfield>
    <subfield code="v">&#x642;&#x648;&#x627;&#x645;&#x64A;&#x633;.</subfield>
    <subfield code="2">BUEsh</subfield>
  </datafield>
  <datafield tag="650" ind1=" " ind2="7">
    <subfield code="a">&#x627;&#x644;&#x623;&#x645;&#x62B;&#x627;&#x644; &#x627;&#x644;&#x634;&#x639;&#x628;&#x64A;&#x629;</subfield>
    <subfield code="x">&#x642;&#x648;&#x627;&#x645;&#x64A;&#x633;.</subfield>
    <subfield code="2">BUEsh</subfield>
    <subfield code="9">29296</subfield>
  </datafield>
  <datafield tag="651" ind1=" " ind2=" ">
    <subfield code="2">BUEsh</subfield>
  </datafield>
  <datafield tag="653" ind1=" " ind2=" ">
    <subfield code="b">ARALIT</subfield>
    <subfield code="b">GGEN</subfield>
    <subfield code="c">April2019</subfield>
  </datafield>
  <datafield tag="942" ind1=" " ind2=" ">
    <subfield code="2">ddc</subfield>
  </datafield>
  <datafield tag="952" ind1=" " ind2=" ">
    <subfield code="0">0</subfield>
    <subfield code="1">0</subfield>
    <subfield code="2">ddc</subfield>
    <subfield code="4">0</subfield>
    <subfield code="7">0</subfield>
    <subfield code="8">&#x62F;&#x627;&#x631; &#x627;&#x644;&#x62D;&#x64A;&#x627;&#x629;</subfield>
    <subfield code="a">MAIN</subfield>
    <subfield code="b">MAIN</subfield>
    <subfield code="c">1ST</subfield>
    <subfield code="d">2019-04-11</subfield>
    <subfield code="e">Purchase</subfield>
    <subfield code="g">50.00</subfield>
    <subfield code="h">000877</subfield>
    <subfield code="o">398.992703 &#x62A; &#x64A; &#x645;</subfield>
    <subfield code="p">000044563</subfield>
    <subfield code="r">2025-07-15 00:00:00</subfield>
    <subfield code="v">62.50</subfield>
    <subfield code="y">REFERENCE</subfield>
  </datafield>
</record>
